000 00852nam a22002297a 4500
999 _c4831
_d4831
003 AR-CdUCM
008 190311b ||||| |||| 00| 0 spa d
040 _aMUNICIPALIDAD PROVINCIAL DEL CUSCO
_cBIBLIOTECA MUNICIPAL DEL CUSCO
082 _a161 /
_bB23
100 _aBarker, S.F
_914885
245 _aInducción e hipótesis :
_bEstudio sobre la lógica de la confirmación /
260 _aBuenos Aires :
_bEUDEBA,
_c1963.
300 _a232 paginas ;
_c18 cm.
440 _aColección ensayos
_914886
500 _aDonación familia Nieto
505 _aContenido :Hipótesis y elementos de juicio -- Inducción eliminatoria -- Inducción enumerativa -- Inducción y simplicidad -- Simplicidad y confirmación ...
650 _aLógica
_92358
650 _aEnsayos
_9375
700 _aMíguez, Néstor
_914887
942 _2ddc
_cLIBROS
945 _arum